Ochrana osobných údajov v personálnej a mzdovej agende
Ochrana osobných údajov v slovenskom právnom poriadku je upravená zákonom č. 428/2002 Z.z. o ochrane osobných údajov v znení zákona č. 602/2003 Z.z. V sekundárnom práve ES ochranu osobných údajov upravujú Smernica Európskeho parlamentu a Rady 95/46/EC o ochrane jednotlivcov pri spracúvaní osobných ú...
Gespeichert in:
| 1. Verfasser: | |
|---|---|
| Format: | Buchkapitel |
| Sprache: | Slowakisch |
| Schlagworte: | |
| Tags: |
Keine Tags, Fügen Sie das erste Tag hinzu!
|
MARC
| LEADER | 00000naa$a2200000$$$4500 | ||
|---|---|---|---|
| 001 | 0007943 | ||
| 005 | 20231003110457.1 | ||
| 041 | 0 | |a slo | |
| 044 | |a SK | ||
| 245 | 1 | 0 | |a Ochrana osobných údajov v personálnej a mzdovej agende |c aut. Monika Mosejová |
| 520 | |a Ochrana osobných údajov v slovenskom právnom poriadku je upravená zákonom č. 428/2002 Z.z. o ochrane osobných údajov v znení zákona č. 602/2003 Z.z. V sekundárnom práve ES ochranu osobných údajov upravujú Smernica Európskeho parlamentu a Rady 95/46/EC o ochrane jednotlivcov pri spracúvaní osobných údajov a o voľnom pohybe týchto údajov, Dohovor Rady Európy č. 108 o ochrane jednotlivcov pri automatizovanom spracúvaní osobných údajov s dodatkami k tomuto dohovoru a s Dodatkovým protokolom. Zmeny v legislatíve v oblasti ochrany osobných údajov v roku 2003. | ||
| 610 | 2 | 0 | |a ochrana údajov osobných |
| 610 | 2 | 0 | |a agenda spisová |
| 610 | 2 | 0 | |a zamestnávatelia |
| 610 | 2 | 0 | |a zamestnanci |
| 610 | 2 | 0 | |a poriadok právny |
| 610 | 2 | 0 | |a novelizácia |
| 610 | 2 | 0 | |a agenda mzdová |
| 100 | 1 | |a Mosejová, Monika | |